[Event "Miedzynarodowy Turniej Szachowy Kowalewo"]
[Site "Kowalewo Pomorskie"]
[Date "2009.07.06"]
[Round "3.8"]
[White "Zurkowski, Andrzej"]
[Black "Kaczmarek, Piotr"]
[Result "1-0"]
[WhiteElo "2150"]
[BlackElo "1897"]
[PlyCount "66"]
[EventDate "2009.??.??"]

1. d4 d5 2. Nf3 Nf6 3. c4 c6 4. Nc3 e6 5. Bg5 Be7 6. e3 Nbd7 7. Bd3 O-O 8. O-O
h6 9. Bh4 dxc4 10. Bxc4 b5 11. Bd3 a6 12. Ne5 Bb7 13. Bc2 c5 14. Qd3 c4 15. Qe2
Nd5 16. Bxe7 Qxe7 17. Ne4 N5f6 18. Ng3 Rac8 19. f4 Nd5 20. Rae1 c3 21. b3 Nb4
22. Be4 Nf6 23. Bxb7 Qxb7 24. f5 exf5 25. Nxf5 c2 26. Rc1 Nxa2 27. Rxc2 Nb4 28.
Rxc8 Rxc8 29. Nd6 Qb8 30. Nxc8 Qxc8 31. Qd2 Nbd5 32. Rc1 Qb7 33. Qc2 Qe7 1-0

[Event "Miedzynarodowy Turniej Szachowy Kowalewo"]
[Site "Kowalewo Pomorskie"]
[Date "2009.07.06"]
[Round "3.9"]
[White "Kuchnio, Przemyslaw"]
[Black "Rogala, Robert"]
[Result "1-0"]
[WhiteElo "2093"]
[BlackElo "2032"]
[PlyCount "53"]
[EventDate "2009.??.??"]

1. c4 Nf6 2. Nc3 g6 3. g3 Bg7 4. Bg2 d6 5. Nf3 O-O 6. O-O Bd7 7. Rb1 c5 8. b4
cxb4 9. Rxb4 Qc8 10. Nd4 Nc6 11. Nxc6 Bxc6 12. Nd5 Nxd5 13. cxd5 Bd7 14. Qb3 b5
15. Bb2 a5 16. Re4 Bxb2 17. Qxb2 Re8 18. d3 f6 19. Qd2 Kg7 20. Qe3 Kf7 21. Qh6
Rh8 22. Rxe7+ Kxe7 23. Qg7+ Ke8 24. Qxh8+ Kf7 25. Qxh7+ Kf8 26. Qxg6 Qe8 27.
Qh7 1-0

[Event "Miedzynarodowy Turniej Szachowy Kowalewo"]
[Site "Kowalewo Pomorskie"]
[Date "2009.07.06"]
[Round "3.10"]
[White "Banasik, Krzysztof"]
[Black "Flazinski, Jozef"]
[Result "1-0"]
[WhiteElo "2300"]
[BlackElo "2009"]
[PlyCount "93"]
[EventDate "2009.??.??"]

1. e4 c5 2. d3 g6 3. g3 Bg7 4. Bg2 Nc6 5. Ne2 d6 6. O-O Nf6 7. h3 O-O 8. c3 e5
9. Be3 Nh5 10. g4 Nf4 11. Nxf4 exf4 12. Bxf4 f5 13. f3 g5 14. Bg3 f4 15. Bf2
Qf6 16. Na3 Be6 17. Nc2 h5 18. d4 Bc4 19. Re1 hxg4 20. hxg4 Rad8 21. Bf1 Bf7
22. Be2 b6 23. Kg2 Ne7 24. Rh1 Bg6 25. Ne1 Nc6 26. Qa4 Na5 27. Rd1 Be8 28. Bb5
Bf7 29. Be2 Be8 30. Qc2 Bg6 31. b4 cxb4 32. cxb4 Rc8 33. Qa4 Be8 34. Bb5 Nc4
35. Bxe8 Rfxe8 36. Rh5 Qf7 37. Qb5 Bf6 38. Nd3 Ne3+ 39. Bxe3 fxe3 40. Rdh1 d5
41. e5 Rc2+ 42. Kh3 Bd8 43. Kg3 Bf6 44. exf6 Qc7+ 45. f4 gxf4+ 46. Kf3 Qc8 47.
Qxd5+ 1-0

[Event "Miedzynarodowy Turniej Szachowy Kowalewo"]
[Site "Kowalewo Pomorskie"]
[Date "2009.07.06"]
[Round "3.11"]
[White "Choroszej, Aleksander"]
[Black "Bernacki, Krzysztof"]
[Result "1-0"]
[WhiteElo "2067"]
[BlackElo "2074"]
[PlyCount "33"]
[EventDate "2009.??.??"]

1. d4 f5 2. g4 fxg4 3. h3 g3 4. fxg3 d5 5. Nc3 Nf6 6. Bg2 Nc6 7. Bg5 e6 8. e4
Be7 9. Bxf6 Bxf6 10. e5 Bg5 11. Nf3 O-O 12. O-O b6 13. Nxg5 Rxf1+ 14. Qxf1 Qxg5
15. Nxd5 Bb7 16. Nxc7 Rf8 17. Qxf8+ 1-0

[Event "Miedzynarodowy Turniej Szachowy Kowalewo"]
[Site "Kowalewo Pomorskie"]
[Date "2009.07.06"]
[Round "4.1"]
[White "Plichta, Kamil"]
[Black "Grabarczyk, Miroslaw"]
[Result "1/2-1/2"]
[WhiteElo "2039"]
[BlackElo "2480"]
[PlyCount "79"]
[EventDate "2009.??.??"]

1. d4 d5 2. c4 c6 3. Nc3 Nf6 4. e3 g6 5. Nf3 Bg7 6. cxd5 cxd5 7. Be2 O-O 8. O-O
Nc6 9. Ne5 Nxe5 10. dxe5 Ne4 11. Nxe4 dxe4 12. Qd4 Qxd4 13. exd4 Be6 14. Be3
Rfc8 15. b3 f6 16. f4 Rc2 17. Rf2 Rc3 18. Bd2 Rc7 19. Ba5 b6 20. Bb4 a5 21. Ba3
a4 22. Bc4 Bxc4 23. bxc4 Rxc4 24. Bxe7 Kf7 25. exf6 Bxf6 26. Bxf6 Kxf6 27. Rb2
Rb8 28. Kf2 b5 29. Ke3 Kf5 30. g4+ Kxg4 31. Rg1+ Kh4 32. Rg5 b4 33. Kxe4 a3 34.
Rbg2 Re8+ 35. Kd5 Rc3 36. f5 b3 37. axb3 a2 38. R2g4+ Kh3 39. Rg1 Kh4 40. R1g4+
1/2-1/2

[Event "Miedzynarodowy Turniej Szachowy Kowalewo"]
[Site "Kowalewo Pomorskie"]
[Date "2009.07.06"]
[Round "4.4"]
[White "Kubicki, Marek"]
[Black "Brzeski, Maciej"]
[Result "0-1"]
[WhiteElo "2152"]
[BlackElo "2361"]
[PlyCount "58"]
[EventDate "2009.??.??"]

1. e4 c5 2. Nc3 Nc6 3. f4 g6 4. Nf3 Bg7 5. Bb5 Nd4 6. Nxd4 cxd4 7. Ne2 Qb6 8.
Bd3 d5 9. e5 f6 10. exf6 Nxf6 11. O-O Ne4 12. Ng3 Nc5 13. Qf3 Nxd3 14. Qxd3 Bd7
15. a4 Rc8 16. Kh1 Qc7 17. c3 Qc4 18. Qxc4 dxc4 19. Ra3 O-O 20. cxd4 Bxd4 21.
b4 e5 22. Ne2 Bb6 23. a5 Bc7 24. g3 exf4 25. gxf4 Bd6 26. Re3 Bc6+ 27. Kg1 Bxb4
28. Ba3 Bxd2 29. Rg3 Rfe8 0-1

[Event "Miedzynarodowy Turniej Szachowy Kowalewo"]
[Site "Kowalewo Pomorskie"]
[Date "2009.07.06"]
[Round "4.5"]
[White "Rutkowski, Maciej"]
[Black "Jaroch, Pawel"]
[Result "1-0"]
[WhiteElo "2336"]
[BlackElo "2243"]
[PlyCount "73"]
[EventDate "2009.??.??"]

1. Nf3 Nf6 2. c4 g6 3. Nc3 Bg7 4. d4 O-O 5. Bg5 d6 6. e3 Nbd7 7. Be2 h6 8. Bh4
e5 9. Qc2 c6 10. O-O Qe7 11. dxe5 dxe5 12. Nd2 a5 13. Na4 Nc5 14. Bxf6 Bxf6 15.
Nxc5 Qxc5 16. Ne4 Qe7 17. Nxf6+ Qxf6 18. Rfd1 Bf5 19. Qc3 Kg7 20. c5 Be6 21.
Rd6 e4 22. Rd4 Bd5 23. Bc4 Bxc4 24. Qxc4 Rfe8 25. Rad1 Re7 26. h3 Qe5 27. Rd7
Rae8 28. R1d4 Rxd7 29. Rxd7 Re7 30. Rd4 f5 31. Qc3 Kf7 32. Qxa5 f4 33. Qc3 fxe3
34. fxe3 Qf5 35. Rd1 Qg5 36. Rd6 Qf5 37. Qh8 1-0

[Event "Miedzynarodowy Turniej Szachowy Kowalewo"]
[Site "Kowalewo Pomorskie"]
[Date "2009.07.06"]
[Round "4.6"]
[White "Maciejewski, Miroslaw"]
[Black "Kuchnio, Przemyslaw"]
[Result "1-0"]
[WhiteElo "2296"]
[BlackElo "2093"]
[PlyCount "41"]
[EventDate "2009.??.??"]

1. e4 Nf6 2. e5 Nd5 3. d4 d6 4. Nf3 Bg4 5. Be2 e6 6. O-O Be7 7. h3 Bxf3 8. Bxf3
Nc6 9. c4 Nb6 10. exd6 cxd6 11. b3 Nxd4 12. Bxb7 Rb8 13. Bb2 Rxb7 14. Bxd4 O-O
15. Nc3 Rc7 16. a4 Qa8 17. Qg4 g6 18. Rfe1 Nd7 19. Qg3 Nc5 20. Nb5 Rb7 21. Nxd6
1-0

[Event "Miedzynarodowy Turniej Szachowy Kowalewo"]
[Site "Kowalewo Pomorskie"]
[Date "2009.07.06"]
[Round "4.7"]
[White "Zurkowski, Andrzej"]
[Black "Jaroch, Karol"]
[Result "1/2-1/2"]
[WhiteElo "2150"]
[BlackElo "2243"]
[PlyCount "54"]
[EventDate "2009.??.??"]

1. e4 e6 2. d4 d5 3. exd5 exd5 4. Nf3 Bd6 5. c3 Nf6 6. Bd3 Bg4 7. Bg5 c6 8.
Nbd2 Nbd7 9. Qc2 Qc7 10. O-O O-O 11. h3 Bxf3 12. Nxf3 Rfe8 13. Rfe1 h6 14. Bxf6
Nxf6 15. Rxe8+ Rxe8 16. Re1 Rxe1+ 17. Nxe1 Bh2+ 18. Kf1 Bd6 19. Nf3 Kf8 20. Qb3
g6 21. g3 Qb6 22. Qxb6 axb6 23. h4 b5 24. a3 h5 25. Ne1 Ne8 26. Nc2 f5 27. f4
Nf6 1/2-1/2

[Event "Miedzynarodowy Turniej Szachowy Kowalewo"]
[Site "Kowalewo Pomorskie"]
[Date "2009.07.06"]
[Round "4.8"]
[White "Klugiewicz, Jozef"]
[Black "Banasik, Krzysztof"]
[Result "1/2-1/2"]
[WhiteElo "1977"]
[BlackElo "2300"]
[PlyCount "91"]
[EventDate "2009.??.??"]

1. Nf3 Nf6 2. g3 d5 3. Bg2 c6 4. c4 Bf5 5. cxd5 cxd5 6. Qb3 Qc8 7. Nc3 e6 8. d3
Be7 9. O-O O-O 10. Bf4 Nc6 11. Rac1 Qd7 12. Ne5 Nxe5 13. Bxe5 Rac8 14. e4 dxe4
15. dxe4 Bg4 16. h3 Bh5 17. g4 Bg6 18. Rfd1 Qc6 19. Nd5 exd5 20. Rxc6 bxc6 21.
exd5 cxd5 22. Bc3 h5 23. Re1 Rc7 24. gxh5 Nxh5 25. Qxd5 Rd8 26. Rxe7 Rxd5 27.
Rxc7 Rd1+ 28. Kh2 a6 29. Rc6 Nf4 30. Rxa6 Nxg2 31. Kxg2 Bd3 32. Ra8+ Kh7 33.
Ra7 Kg6 34. Re7 Bc4 35. a4 Bd5+ 36. Kg3 Be6 37. a5 Rd6 38. h4 Rc6 39. Rb7 f6
40. h5+ Kh6 41. Bd2+ Kxh5 42. Rxg7 Rd6 43. Be3 Bc4 44. Rb7 Kg6 45. Rb6 Rxb6 46.
Bxb6 1/2-1/2

[Event "Miedzynarodowy Turniej Szachowy Kowalewo"]
[Site "Kowalewo Pomorskie"]
[Date "2009.07.06"]
[Round "4.9"]
[White "Wisniewski, Adam"]
[Black "Sankiewicz, Grzegorz"]
[Result "1-0"]
[WhiteElo "2105"]
[BlackElo "1944"]
[PlyCount "38"]
[EventDate "2009.??.??"]

1. e4 c5 2. Nf3 d6 3. c3 Nf6 4. Be2 Nc6 5. d4 Bg4 6. d5 Bxf3 7. Bxf3 Ne5 8. Be2
a6 9. f4 Ned7 10. Bf3 g6 11. Qe2 Bg7 12. e5 dxe5 13. fxe5 Ng8 14. Bf4 Nb8 15.
O-O b5 16. a4 b4 17. Nd2 Ra7 18. Nc4 Kf8 19. Rad1 Bh6 1-0

[Event "Miedzynarodowy Turniej Szachowy Kowalewo"]
[Site "Kowalewo Pomorskie"]
[Date "2009.07.06"]
[Round "4.10"]
[White "Kaczmarek, Piotr"]
[Black "Choroszej, Aleksander"]
[Result "0-1"]
[WhiteElo "1897"]
[BlackElo "2067"]
[PlyCount "99"]
[EventDate "2009.??.??"]

1. d4 Nf6 2. c4 g6 3. Nc3 Bg7 4. e4 d6 5. Be2 O-O 6. Bg5 c5 7. d5 a6 8. Qd2 Qa5
9. f3 Bd7 10. Nh3 b5 11. Nf2 bxc4 12. g4 Qb6 13. h4 e6 14. h5 exd5 15. exd5 Re8
16. O-O-O Ra7 17. h6 Bh8 18. Nfe4 Nxe4 19. Nxe4 Rxe4 20. fxe4 Rb7 21. Rdf1 Ba4
22. Bf6 Bxf6 23. Rxf6 Nd7 24. Rf2 Ne5 25. Qc3 Qd8 26. Qd2 Bd7 27. g5 Bg4 28.
Bf1 c3 29. Qxc3 Qxg5+ 30. Qd2 Qxd2+ 31. Rxd2 a5 32. Bh3 Bf3 33. Bg2 Bxg2 34.
Rxg2 Rb4 35. Re2 f6 36. Rh3 a4 37. Kc2 Kf7 38. a3 Rd4 39. b3 axb3+ 40. Rxb3 g5
41. Rb7+ Kg6 42. Rh2 Nf7 43. Re7 Nxh6 44. Kb3 Nf7 45. Re6 g4 46. Rf2 Rd3+ 47.
Kb2 Rf3 48. Rg2 g3 49. Kc1 Rxa3 50. Re7 0-1

[Event "Miedzynarodowy Turniej Szachowy Kowalewo"]
[Site "Kowalewo Pomorskie"]
[Date "2009.07.06"]
[Round "4.11"]
[White "Rogala, Robert"]
[Black "Bernacki, Krzysztof"]
[Result "1-0"]
[WhiteElo "2032"]
[BlackElo "2074"]
[PlyCount "71"]
[EventDate "2009.??.??"]

1. d4 c5 2. d5 f5 3. g4 fxg4 4. h3 g3 5. fxg3 g6 6. e4 Bg7 7. Ne2 Nh6 8. Bg2
O-O 9. Nd2 d6 10. Nf4 b5 11. Nf3 Na6 12. O-O Rb8 13. Be3 Nf7 14. Qe2 Qa5 15. c3
Qc7 16. Kh2 Qb7 17. Rac1 Bd7 18. Rb1 Qb6 19. a3 Qc7 20. Rbc1 Qb7 21. b4 Ne5 22.
Ng5 Bf6 23. Nfe6 Rfc8 24. Bf4 cxb4 25. Bxe5 dxe5 26. axb4 Qb6 27. h4 Rc4 28. h5
Rbc8 29. Nxh7 Kxh7 30. hxg6+ Kg8 31. Qh5 Bxe6 32. Qh7+ Kf8 33. Rxf6+ exf6 34.
g7+ Ke7 35. g8=Q+ Kd6 36. Qxe6# 1-0

[Event "Miedzynarodowy Turniej Szachowy Kowalewo"]
[Site "Kowalewo Pomorskie"]
[Date "2009.07.06"]
[Round "4.3"]
[White "Budrewicz, Krzysztof"]
[Black "Borgula, Rafal"]
[Result "1/2-1/2"]
[WhiteElo "2374"]
[BlackElo "2283"]
[PlyCount "75"]
[EventDate "2009.??.??"]

1. d4 d5 2. Nf3 Nf6 3. c4 e6 4. Nc3 Be7 5. Bf4 O-O 6. e3 c5 7. dxc5 Bxc5 8.
cxd5 Nxd5 9. Nxd5 exd5 10. a3 Nc6 11. Bd3 Bd6 12. Bg3 Bg4 13. Be2 Be6 14. O-O
Bxg3 15. hxg3 Qb6 16. Qd2 h6 17. Rfd1 Rfd8 18. b4 Rac8 19. Rac1 Ne7 20. Nd4
Rxc1 21. Rxc1 Rc8 22. Kf1 Rxc1+ 23. Qxc1 Kf8 24. Bd3 Bd7 25. Qc3 f6 26. Ke2 Ke8
27. Kd2 Kd8 28. Ne2 g5 29. Nd4 Qc7 30. Qb2 Qd6 31. f4 Qb6 32. Qc3 Qc7 33. Qa1
a5 34. Qh1 axb4 35. axb4 Qd6 36. Nc2 d4 37. exd4 gxf4 38. gxf4 1/2-1/2

[Event "Miedzynarodowy Turniej Szachowy Kowalewo"]
[Site "Kowalewo Pomorskie"]
[Date "2009.07.06"]
[Round "4.2"]
[White "Mikrut, Dariusz"]
[Black "Brodowski, Piotr"]
[Result "1/2-1/2"]
[WhiteElo "2400"]
[BlackElo "2397"]
[PlyCount "27"]
[EventDate "2009.??.??"]

1. e4 c5 2. Nf3 Nc6 3. Bb5 g6 4. Bxc6 dxc6 5. h3 Bg7 6. d3 e5 7. Nc3 Ne7 8. Be3
b6 9. Qd2 Qd6 10. Bh6 Bf6 11. Bg5 Bg7 12. Bh6 Bf6 13. Bg5 Bg7 14. Bh6 1/2-1/2

[Event "Open A"]
[Site "Kowalewo Pomorskie"]
[Date "2009.07.07"]
[Round "5.1"]
[White "Mikrut, Dariusz"]
[Black "Plichta, Kamil"]
[Result "0-1"]
[WhiteElo "2400"]
[BlackElo "2039"]
[PlyCount "56"]
[EventDate "2009.??.??"]

1. d4 Nf6 2. c4 g6 3. Nc3 Bg7 4. e4 d6 5. f3 O-O 6. Be3 Nc6 7. Nge2 a6 8. Qd2
Rb8 9. O-O-O b5 10. Bh6 bxc4 11. h4 Nh5 12. Bxg7 Kxg7 13. g4 Nb4 14. gxh5 Nd3+
15. Kb1 Rxb2+ 16. Qxb2 Nxb2 17. Kxb2 c6 18. Bh3 e6 19. Bg2 d5 20. f4 Qa5 21.
Bf3 Rd8 22. hxg6 hxg6 23. h5 c5 24. h6+ Kh8 25. exd5 exd5 26. Nxd5 Bf5 27. Rh2
Rb8+ 28. Ka1 Qd2 0-1

[Event "Open A"]
[Site "Kowalewo Pomorskie"]
[Date "2009.07.07"]
[Round "5.2"]
[White "Grabarczyk, Miroslaw"]
[Black "Maciejewski, Miroslaw"]
[Result "1-0"]
[WhiteElo "2480"]
[BlackElo "2296"]
[PlyCount "109"]
[EventDate "2009.??.??"]

1. d4 Nf6 2. c4 g6 3. Nf3 Bg7 4. g3 O-O 5. Bg2 d6 6. Nc3 Nbd7 7. O-O e5 8. e4
c6 9. h3 Qa5 10. Re1 exd4 11. Nxd4 Re8 12. Be3 Ne5 13. Bf1 Be6 14. Nxe6 Rxe6
15. f3 Qb4 16. Qe2 Rae8 17. Bf2 a6 18. Kg2 b5 19. cxb5 axb5 20. a4 Nc4 21. axb5
cxb5 22. Nxb5 Qxb5 23. Qxc4 Qxb2 24. Rab1 Qa3 25. Red1 Qa8 26. Qb5 Re5 27. Qb7
Qa2 28. Rb2 Qa3 29. Rbd2 R5e7 30. Qc6 Nd7 31. Qxd6 Qb3 32. Qd3 Qc3 33. Qc4 Nf8
34. Qxc3 Bxc3 35. Rc2 Bg7 36. Rc6 Ne6 37. f4 Nf8 38. e5 g5 39. Rcd6 Ng6 40. f5
Bxe5 41. fxg6 hxg6 42. Rc6 Kg7 43. Bc4 Rb8 44. Rd2 Rb2 45. Rxb2 Bxb2 46. Bc5
Rd7 47. Bd6 Bd4 48. Kf3 Bb2 49. Bc5 Be5 50. Be3 f6 51. Bb6 Kf8 52. g4 Kg7 53.
Ke4 Bb2 54. Be6 Re7 55. Kd5 1-0

[Event "Open A"]
[Site "Kowalewo Pomorskie"]
[Date "2009.07.07"]
[Round "5.3"]
[White "Brzeski, Maciej"]
[Black "Rutkowski, Maciej"]
[Result "1/2-1/2"]
[WhiteElo "2361"]
[BlackElo "2336"]
[PlyCount "27"]
[EventDate "2009.??.??"]

1. e4 e5 2. Nf3 Nc6 3. Bb5 Nf6 4. Qe2 d6 5. d4 Bd7 6. c3 a6 7. Ba4 Be7 8. Nbd2
b5 9. Bb3 O-O 10. h3 Re8 11. Ng5 Rf8 12. Ngf3 Re8 13. Ng5 Rf8 14. Ngf3 1/2-1/2

[Event "Open A"]
[Site "Kowalewo Pomorskie"]
[Date "2009.07.07"]
[Round "5.4"]
[White "Brodowski, Piotr"]
[Black "Budrewicz, Krzysztof"]
[Result "1-0"]
[WhiteElo "2397"]
[BlackElo "2374"]
[PlyCount "71"]
[EventDate "2009.??.??"]

1. d4 Nf6 2. Bg5 Ne4 3. Bf4 c5 4. f3 Nf6 5. dxc5 Qa5+ 6. Qd2 Qxc5 7. e4 d6 8.
Nc3 Nc6 9. O-O-O g6 10. Kb1 Bg7 11. Nge2 O-O 12. Bh6 Be6 13. Bxg7 Kxg7 14. Nf4
a6 15. h4 Nh5 16. Nxh5+ Qxh5 17. g4 Qa5 18. h5 g5 19. h6+ Kh8 20. Be2 f6 21. f4
gxf4 22. Qxf4 Ne5 23. Nd5 Bxd5 24. exd5 Rg8 25. Rhg1 Rg5 26. Qe4 Rag8 27. Bd3
Ng6 28. Qe3 Re5 29. Qa7 b5 30. Rdf1 Nf4 31. Qd4 Nxd5 32. c3 Qc7 33. g5 fxg5 34.
Rf7 Nf6 35. Rf1 Rc8 36. R1xf6 1-0

[Event "Open A"]
[Site "Kowalewo Pomorskie"]
[Date "2009.07.07"]
[Round "5.5"]
[White "Borgula, Rafal"]
[Black "Zurkowski, Andrzej"]
[Result "1/2-1/2"]
[WhiteElo "2283"]
[BlackElo "2150"]
[PlyCount "67"]
[EventDate "2009.??.??"]

1. d4 g6 2. Nf3 Bg7 3. g3 f5 4. Bg2 Nf6 5. O-O O-O 6. c4 d6 7. Nc3 c6 8. d5 e5
9. dxc6 Nxc6 10. b3 h6 11. Bb2 Be6 12. Rc1 Qe7 13. Nd5 Bxd5 14. cxd5 Nd8 15.
Nh4 Kh7 16. e4 f4 17. Qd3 Nh5 18. Bf3 Bf6 19. Ng2 Ng7 20. Rc2 fxg3 21. fxg3 Nf7
22. Rfc1 Ne8 23. h4 Qd7 24. Kh2 Bd8 25. Qe2 Nf6 26. Ne3 h5 27. Bc3 Nh6 28. Bd2
Bb6 29. Nc4 Nhg4+ 30. Kg2 Bd8 31. Bg5 Rc8 32. Ne3 Rxc2 33. Rxc2 Bb6 34. Nd1
1/2-1/2

[Event "Open A"]
[Site "Kowalewo Pomorskie"]
[Date "2009.07.07"]
[Round "5.6"]
[White "Jaroch, Karol"]
[Black "Wisniewski, Adam"]
[Result "0-1"]
[WhiteElo "2243"]
[BlackElo "2105"]
[PlyCount "62"]
[EventDate "2009.??.??"]

1. e4 e6 2. d4 d5 3. exd5 exd5 4. Nc3 c6 5. Bd3 Bd6 6. Nge2 Qf6 7. Be3 Bf5 8.
Bxf5 Qxf5 9. Ng3 Qg6 10. Qd2 Ne7 11. O-O-O O-O 12. Rde1 Nd7 13. h4 Nf5 14. h5
Qg4 15. f3 Qxg3 16. Rh3 Qxe1+ 17. Qxe1 Rae8 18. f4 Nxe3 19. Rxe3 Bxf4 20. Nd1
Rxe3 21. Nxe3 Re8 22. Kd1 Bxe3 23. Qb4 Nf6 24. Qxb7 Bxd4 25. c3 Bb6 26. Qxc6 h6
27. a4 d4 28. c4 d3 29. Qf3 Be3 30. c5 d2 31. Kc2 Bg5 0-1

[Event "Open A"]
[Site "Kowalewo Pomorskie"]
[Date "2009.07.07"]
[Round "5.7"]
[White "Jaroch, Pawel"]
[Black "Choroszej, Aleksander"]
[Result "1-0"]
[WhiteElo "2243"]
[BlackElo "2067"]
[PlyCount "73"]
[EventDate "2009.??.??"]

1. d4 Nf6 2. c4 g6 3. Nc3 Bg7 4. Nf3 O-O 5. g3 d6 6. Bg2 Nc6 7. O-O Bf5 8. Ne1
e5 9. d5 Ne7 10. e4 Bc8 11. Nd3 Nd7 12. Be3 f5 13. f3 Nf6 14. h3 Nh5 15. Bf2 f4
16. g4 Ng3 17. Re1 Bf6 18. Ne2 Bh4 19. Nxg3 Bxg3 20. Qd2 Bxf2+ 21. Qxf2 g5 22.
c5 Ng6 23. Rac1 Nh4 24. Rc3 h5 25. Rec1 hxg4 26. hxg4 Rf7 27. Qc2 Bd7 28. Qb3
Rh7 29. c6 Qf6 30. cxd7 Qh6 31. Nf2 Nxg2 32. Kxg2 Qh2+ 33. Kf1 Qg3 34. Qxb7 Rd8
35. Qxc7 Rhxd7 36. Qa5 Kg7 37. Ke2 1-0

[Event "Open A"]
[Site "Kowalewo Pomorskie"]
[Date "2009.07.07"]
[Round "5.8"]
[White "Kuchnio, Przemyslaw"]
[Black "Kubicki, Marek"]
[Result "1/2-1/2"]
[WhiteElo "2093"]
[BlackElo "2152"]
[PlyCount "59"]
[EventDate "2009.??.??"]

1. c4 c6 2. Nc3 d5 3. e3 Nf6 4. Nf3 e6 5. b3 Bd6 6. d4 Nbd7 7. Bd3 O-O 8. O-O
dxc4 9. Bxc4 e5 10. dxe5 Nxe5 11. Be2 Qc7 12. h3 Qe7 13. Nd4 Rd8 14. Qc2 Nd5
15. Nxd5 cxd5 16. Rd1 Bd7 17. Bf1 Rac8 18. Qe2 Qh4 19. g3 Qe7 20. Bg2 Nc6 21.
Bb2 Bb8 22. Rac1 Be6 23. Ba1 Qd7 24. Qh5 Ne7 25. Nf3 Rxc1 26. Rxc1 Bf5 27. Qg5
Bg6 28. Be5 Bxe5 29. Qxe5 f6 30. Qc7 1/2-1/2

[Event "Open A"]
[Site "Kowalewo Pomorskie"]
[Date "2009.07.07"]
[Round "5.9"]
[White "Banasik, Krzysztof"]
[Black "Rogala, Robert"]
[Result "1-0"]
[WhiteElo "2300"]
[BlackElo "2032"]
[PlyCount "59"]
[EventDate "2009.??.??"]

1. e4 e6 2. d4 d5 3. Nd2 Nf6 4. e5 Nfd7 5. Bd3 c5 6. c3 Nc6 7. Ndf3 Qb6 8. Ne2
Be7 9. O-O Nf8 10. Re1 Bd7 11. a3 Ng6 12. b4 cxb4 13. cxb4 Nh4 14. Nxh4 Bxh4
15. Be3 Be7 16. Rc1 f5 17. exf6 Bxf6 18. Qc2 Rc8 19. Bxh7 Ne7 20. Bg6+ Kf8 21.
Qb1 Bb5 22. Nf4 Bd7 23. Rxc8+ Bxc8 24. Qd3 Bd7 25. Bh5 a5 26. bxa5 Qxa5 27. Bd2
Qb6 28. Bb4 Rh6 29. Bc5 Qc7 30. Qf3 1-0

[Event "Open A"]
[Site "Kowalewo Pomorskie"]
[Date "2009.07.07"]
[Round "5.10"]
[White "Flazinski, Jozef"]
[Black "Klugiewicz, Jozef"]
[Result "1-0"]
[WhiteElo "2009"]
[BlackElo "1977"]
[PlyCount "75"]
[EventDate "2009.??.??"]

1. e4 d6 2. d4 Nf6 3. Nc3 g6 4. Nf3 Bg7 5. h3 O-O 6. Be3 c6 7. Qd2 b5 8. Bd3
Nbd7 9. O-O Nb6 10. b3 Qc7 11. Bh6 e5 12. Bxg7 Kxg7 13. dxe5 dxe5 14. Ne2 Nbd7
15. Ng3 Nc5 16. Qc3 Nxd3 17. cxd3 Nd7 18. d4 f6 19. Rac1 Bb7 20. Rfd1 Rfe8 21.
dxe5 fxe5 22. Qd3 Nf6 23. Qxb5 Re7 24. Qc5 Rae8 25. Qe3 h6 26. Rc2 Qb6 27. Qc3
Ba8 28. Rd6 Qb7 29. Nd2 Re6 30. Nc4 Qc7 31. Rcd2 Nd5 32. exd5 Rxd6 33. Nxd6
Qxd6 34. Ne4 Qd8 35. dxc6 Qh4 36. Rd7+ Kh8 37. Nd6 Bxc6 38. Qxc6 1-0

[Event "Open A"]
[Site "Kowalewo Pomorskie"]
[Date "2009.07.08"]
[Round "6.1"]
[White "Plichta, Kamil"]
[Black "Brodowski, Piotr"]
[Result "0-1"]
[WhiteElo "2039"]
[BlackElo "2397"]
[PlyCount "68"]
[EventDate "2009.??.??"]

1. d4 d5 2. c4 dxc4 3. e4 Nf6 4. e5 Nd5 5. Bxc4 Nb6 6. Bb3 Nc6 7. Nf3 e6 8. Nc3
Nb4 9. O-O N4d5 10. Ng5 Be7 11. Qh5 g6 12. Qh6 Bf8 13. Qh3 h6 14. Nge4 Bd7 15.
Re1 Be7 16. Nxd5 Nxd5 17. Bxd5 exd5 18. Nf6+ Bxf6 19. exf6+ Be6 20. Rxe6+ fxe6
21. Qxe6+ Kf8 22. b3 Qd6 23. Qg4 Qxf6 24. Bf4 Qf7 25. Rc1 Re8 26. Be5 Rh7 27.
Rc3 Qe6 28. Qg3 Kg8 29. h4 c6 30. f4 Qf5 31. Kh2 Rf7 32. Qe1 Qxf4+ 33. Rg3
Qxh4+ 34. Kg1 Qxd4+ 0-1

[Event "Open A"]
[Site "Kowalewo Pomorskie"]
[Date "2009.07.08"]
[Round "6.3"]
[White "Rutkowski, Maciej"]
[Black "Zurkowski, Andrzej"]
[Result "1/2-1/2"]
[WhiteElo "2336"]
[BlackElo "2150"]
[PlyCount "79"]
[EventDate "2009.??.??"]

1. Nf3 d6 2. d4 Nf6 3. c4 c6 4. Nc3 Qc7 5. g3 Nbd7 6. Bg2 e5 7. O-O Be7 8. h3
O-O 9. Be3 a5 10. Qc2 Re8 11. Rfd1 Nf8 12. Na4 c5 13. dxe5 dxe5 14. Nc3 Bd7 15.
Rac1 Rad8 16. Ng5 Bc6 17. Nge4 Nxe4 18. Bxe4 g6 19. Nd5 Bxd5 20. cxd5 b6 21.
Qb3 Rd6 22. Bd3 Red8 23. Bb5 f5 24. a3 Bf6 25. Qc4 Qe7 26. b4 axb4 27. axb4
cxb4 28. Bc6 Nd7 29. Qxb4 Kh8 30. Qb5 Bg5 31. Bxg5 Qxg5 32. Qb4 Qf6 33. e3 e4
34. Bxd7 R8xd7 35. Qb5 Kg7 36. Rd4 Qe5 37. Rc8 Kh6 38. h4 Qf6 39. Qc4 Qf7 40.
Qb5 1/2-1/2

[Event "Open A"]
[Site "Kowalewo Pomorskie"]
[Date "2009.07.08"]
[Round "6.4"]
[White "Wisniewski, Adam"]
[Black "Mikrut, Dariusz"]
[Result "0-1"]
[WhiteElo "2105"]
[BlackElo "2400"]
[PlyCount "116"]
[EventDate "2009.??.??"]

1. e4 g6 2. d4 Bg7 3. Nf3 d6 4. Bc4 Nf6 5. Nbd2 O-O 6. Bb3 Nc6 7. c3 e5 8. dxe5
Nxe5 9. Nxe5 dxe5 10. Qe2 Nh5 11. Nf3 h6 12. O-O Qf6 13. Be3 Nf4 14. Bxf4 Qxf4
15. Rad1 Qf6 16. Rd2 Qe7 17. Rfd1 Bf6 18. Qb5 a6 19. Qd5 Kg7 20. Qd3 Re8 21.
Qe3 Bg4 22. Rd5 Rad8 23. h3 Rxd5 24. Rxd5 Bc8 25. Qd2 Be6 26. Rd3 Bc8 27. Rd5
Kh7 28. Qd1 Bg7 29. a4 Kh8 30. a5 f5 31. Bc2 Bf6 32. b4 Kg7 33. Qb1 f4 34. Qd1
g5 35. Nh2 Be6 36. Rd2 Rd8 37. Ng4 Rxd2 38. Qxd2 Qd8 39. Qe2 Qd7 40. Bd3 Qf7
41. b5 axb5 42. Bxb5 h5 43. Nxf6 Kxf6 44. a6 bxa6 45. Bxa6 g4 46. h4 Qd7 47.
Kh2 Qc6 48. Qd3 Ke7 49. g3 Qb6 50. Kg2 f3+ 51. Kg1 Qc5 52. Bb5 c6 53. Ba6 Qa3
54. Bb7 Qc1+ 55. Kh2 Qe1 56. Qe3 Qxe3 57. fxe3 Bc4 58. Kg1 Kd6 0-1

[Event "Open A"]
[Site "Kowalewo Pomorskie"]
[Date "2009.07.08"]
[Round "6.5"]
[White "Maciejewski, Miroslaw"]
[Black "Borgula, Rafal"]
[Result "0-1"]
[WhiteElo "2296"]
[BlackElo "2283"]
[PlyCount "60"]
[EventDate "2009.??.??"]

1. e4 c5 2. Nc3 Nc6 3. g3 g6 4. Bg2 Bg7 5. d3 d6 6. f4 e6 7. Nf3 Nge7 8. O-O
O-O 9. Be3 Nd4 10. e5 Nef5 11. Bf2 Nxf3+ 12. Bxf3 dxe5 13. Bxc5 exf4 14. Bxf8
Kxf8 15. Rf2 Bd4 16. Ne4 Bxf2+ 17. Nxf2 fxg3 18. hxg3 Qc7 19. Ne4 Nxg3 20. Nf6
Qf4 21. Kg2 Qxf6 22. Kxg3 Qxb2 23. d4 e5 24. Qh1 Kg7 25. Rd1 exd4 26. Bd5 Qa3+
27. Kg2 Qd6 28. Rxd4 Be6 29. Qa1 Bxd5+ 30. Rxd5+ Qf6 0-1

[Event "Open A"]
[Site "Kowalewo Pomorskie"]
[Date "2009.07.08"]
[Round "6.6"]
[White "Kubicki, Marek"]
[Black "Jaroch, Pawel"]
[Result "0-1"]
[WhiteElo "2152"]
[BlackElo "2243"]
[PlyCount "95"]
[EventDate "2009.??.??"]

1. e4 e5 2. Nf3 Nc6 3. Bc4 Nf6 4. d3 Be7 5. O-O O-O 6. c3 d6 7. Re1 a6 8. Nbd2
Na5 9. b4 Nxc4 10. Nxc4 Re8 11. h3 Bf8 12. Qc2 h6 13. a4 g6 14. Be3 Bg7 15.
Rad1 Be6 16. Ncd2 Nh5 17. d4 Qf6 18. a5 Nf4 19. Nh2 h5 20. d5 Bd7 21. c4 g5 22.
Ndf1 Kh7 23. Ng3 Kg6 24. Bxf4 gxf4 25. Ne2 Kh7 26. Nc3 Rg8 27. Qe2 Qg6 28. Kh1
Bf6 29. Rg1 Rg7 30. Nf3 Rag8 31. b5 Bg4 32. bxa6 bxa6 33. Rb1 Bd8 34. Rge1 c5
35. dxc6 Bxa5 36. Rbc1 Bxf3 37. Qxf3 Bxc3 38. Rxc3 Rc8 39. Qe2 Rxc6 40. Ra3 Kh6
41. f3 Qe6 42. Rea1 Qxc4 43. Qxc4 Rxc4 44. Rxa6 Rd4 45. R1a2 f5 46. exf5 Kg5
47. Ra8 Kxf5 48. Rf2 0-1